000 00448nam a2200145Ia 4500
003 OSt
005 20260227101348.0
008 211028s2019 xx 000 0 und d
040 _cAIMIT LIBRARY
041 _aeng
100 _aDsouza, Sharrel; Dhananjaya, K.
_g1716180
_98154
245 _aStudy on employee retention and employee attrition with reference to Mandovi Motors pvt ltd /
260 _aMangalore
_bBabu Thomas
_c2019
942 _2ddc
_cPRO
999 _c219722
_d219722